000 00705nam a22002177a 4500
999 _c159986
_d159986
005 20190112120911.0
006 a|||||f|||| 00| 0
007 tc
008 180720b xxu||||| |||| 00| 0 eng d
010 _aB-348059-B-348062
020 _c150.00(per set)
035 _aB-348059
037 _bA.I.C.B.
082 _a480
245 _aEvery day English
260 _aNew Delhi
_bA.C.I.B.
_cN.D.
270 _aSector-5, Rohini,
_bNew Delhi
_e110085
300 _aPt-I, 2V.,various pages.
_c30cm(HB).
942 _2ddc
_cBRLEN
_h480
_mEVE